000 00753nam a2200253Ia 4500
003 OSt
005 20220925182018.0
006 a|||||r|||| 00| 0
007 ta
008 220923b |||||||| |||| 00| 0 eng d
020 _a0226555518
037 _cGeneral Book
040 _aRTL
_cRTL
_beng
041 _2eng
_aeng
082 _aY73(P6).73.N70<--N30, M2
100 _aMcAdam Doug
_9255277
245 0 _aPolitical process and the development of black insurgency 1930-1970
260 _aChicago
_bUniversity of Chicago Press
_c1982
300 _aviii, 304p
_ccm.
500 _aBibliography: P 275-90
650 _aNegroes
942 _hY73(P6).73.N70<--N30, M2
_cGB
_2CC
999 _c500998
_d500998